[Event "Maastricht Limburg op-B 4th"]
[Site "Maastricht"]
[Date "2010.05.23"]
[Round "4"]
[White "Van den Born, Ico"]
[Black "Uckerman, John"]
[Result "1-0"]
[WhiteElo "1898"]
[BlackElo "1706"]
[PlyCount "69"]
[EventDate "2010.05.21"]
[EventType "swiss"]
[EventRounds "7"]
[EventCountry "NED"]
[SourceTitle "EXT 2011"]
[Source "ChessBase"]
[SourceDate "2010.11.26"]
[SourceVersion "1"]
[SourceVersionDate "2010.11.26"]
[SourceQuality "1"]

1. c4 Nf6 2. g3 Nc6 3. Bg2 e5 4. Nc3 Bb4 5. Nd5 0-0 6. Nf3 Re8 7. Nxb4 Nxb4 8. d3 c5 9. 0-0 Nc6 10. Ne1 h6 11. e4 d6 12. h3 g5 13. f4 gxf4 14. gxf4 Kh7 15. Qd2 Ng8 16. f5 f6 17. Rf3 Re7 18. Rg3 Rg7 19. Rxg7+ Kxg7 20. Bf3 Qe8 21. Nc2 Nce7 22. Ne3 Qf8 23. b4 Kh7 24. Ba3 b6 25. Kh2 h5 26. Rg1 Qh6 27. Nf1 Bd7 28. Bc1 cxb4 29. Qe1 Qf8 30. Qxb4 Nc6 31. Qe1 Be8 32. Qh4 Nd4 33. Bxh5 Bxh5 34. Qxh5+ Nh6 35. Rg6 1-0

[Event "Maastricht Limburg op-B 4th"]
[Site "Maastricht"]
[Date "2010.05.21"]
[Round "1"]
[White "Van Liempt, Michael"]
[Black "Van den Born, Ico"]
[Result "1-0"]
[WhiteElo "1747"]
[BlackElo "1898"]
[PlyCount "129"]
[EventDate "2010.05.21"]
[EventType "swiss"]
[EventRounds "7"]
[EventCountry "NED"]
[SourceTitle "EXT 2011"]
[Source "ChessBase"]
[SourceDate "2010.11.26"]
[SourceVersion "1"]
[SourceVersionDate "2010.11.26"]
[SourceQuality "1"]

1. e4 e6 2. d3 d5 3. Nd2 c5 4. g3 Nc6 5. Bg2 Nf6 6. Ngf3 Be7 7. 0-0 0-0 8. Re1 b5 9. a4 b4 10. h3 Ba6 11. b3 Rc8 12. Bb2 Na5 13. Ne5 Qc7 14. f4 Rcd8 15. Ng4 d4 16. e5 Ne8 17. Qe2 Bb7 18. Ne4 Kh8 19. Rf1 Bc8 20. Nh2 f5 21. Nd2 g6 22. Rae1 Ng7 23. Bf3 Bb7 24. Qg2 g5 25. Bxb7 Qxb7 26. Qxb7 Nxb7 27. Rf3 gxf4 28. gxf4 Bh4 29. Re2 Nh5 30. Rg2 Rg8 31. Nhf1 Rxg2+ 32. Kxg2 Rg8+ 33. Kh2 Na5 34. Bc1 Rg6 35. Bb2 Kg8 36. Bc1 Kf8 37. Bb2 Ke8 38. Bc1 Kd7 39. Bb2 Nc6 40. Nc4 Ne7 41. Bc1 Nd5 42. Bd2 h6 43. Nd6 Ne3 44. Nxe3 Bg3+ 45. Rxg3 Nxg3 46. Be1 dxe3 47. Bxg3 Kc6 48. Nc4 e2 49. Bf2 h5 50. Nd2 Kd5 51. Nf3 a6 52. Ng1 e1Q 53. Bxe1 Kd4 54. Bd2 Rg8 55. Nf3+ Kd5 56. Be3 Rg7 57. Ng5 Rg6 58. Nh7 Rh6 59. Nf6+ Kc6 60. Bf2 h4 61. Ne8 Rh7 62. Nd6 Kd5 63. Nc4 Rb7 64. Bxh4 Kd4 65. Be1 1-0